Application of joint tenacy on real property and its impact the law of succession in malaysia

Bibliographic Details
Main Authors: Azhani Binti Arshad (Author), Akmal Hidayah Binti Halim (Author), Rahmawati Binti Mohd Yusoff (Author), Syuhaeda Aeni Binti Mat Ali (Author)
Format: Book
Language:English
Subjects:

MARC

LEADER 00000cam a2200000 7i4500
001 0000030319
005 20241203.0
008 230829 my a eng
040 |a INS   |b eng   |c INS   |e rda 
090 0 0 |a Research 402   |b 2022 
100 0 |a Azhani Binti Arshad ,   |e author 
245 1 0 |a Application of joint tenacy on real property and its impact the law of succession in malaysia   |c Azhani Binti Arshad, Akmal Hidayah Binti Halim, Rahmawati Binti Mohd Yusoff, Syuhaeda Aeni Binti Mat Ali. 
264 0 |c 2022 
300 |a vii, 65 pages :   |b illustrations ;   |c 30 cm. 
336 |a text  |2 rdacontent 
337 |a unmediated  |2 rdamedia 
338 |a volume  |2 rdacarrier 
650 0 |a Land tenure   |x Law and legislation   |z Malaysia 
650 0 |a Real property   |z Malaysia 
700 0 |a Akmal Hidayah Binti Halim ,   |e author 
700 0 |a Rahmawati Binti Mohd Yusoff ,   |e author 
700 0 |a Syuhaeda Aeni Binti Mat Ali ,   |e author 
999 |a RES0000690   |b BOOK   |c Research By JPPH Staff   |e Default branch 
999 |a RES0000691   |b BOOK   |c Research By JPPH Staff   |e Default branch